Comptes Rendus hebdomadaires des seances de L'Academie des Sciences. Series A et B: magazine

Detalhes bibliográficos
Idioma:francês
Publicado em: Paris, Gauthier-Villars Editeur, 1970-1990
Assuntos:
Formato: Periódico
KOHA link:https://koha.lib.tpu.ru/cgi-bin/koha/opac-detail.pl?biblionumber=380209

MARC

LEADER 00000nas1a2200000 4500
001 380209
005 20231101062643.0
035 |a (RuTPU)RU\TPU\prd\1005 
035 |a BOOK00001005 
090 |a 380209 
100 |a 20011210a19701990k y0frey50 ba 
101 0 |a fre 
102 |a FR 
110 |a acaz|||0uu0 
200 1 |a Comptes Rendus hebdomadaires des seances de L'Academie des Sciences. Series A et B  |e magazine  |f Academie des Sciences 
210 |a Paris  |c Gauthier-Villars Editeur  |d 1970-1990 
326 |a еженедельно 
610 1 |a физика 
610 1 |a математика 
610 1 |a физическая математика 
610 1 |a механика 
610 1 |a небесная механика 
610 1 |a астрофизика 
610 1 |a геофизика 
710 0 2 |a Academie des Sciences 
801 0 |a RU  |b 63413507  |c 20011210  |g PSBO 
801 2 |a RU  |b 63413507  |c 20150603  |g PSBO 
942 |c CR